Les 15 jeux les plus joués de Roblox 2025 - Statistiques

Statistiques générales
  • Ce quiz a été pris 727 fois
  • Le résultat moyen est 2 sur 16
Statistiques - réponses
Nom du jeux % Correct
9 Grow a Garden (Cultivez un jardin)
60%
1 Adopt Me!
49%
2 vole un Brainrot
42%
16 Murder Mystery 2 (Meurtre et mystère 2)
23%
15 Tower of Hell (Tour de l'Enfer)
10%
5 Fisch
9%
12 Piggy
8%
8 Pet Simulator 99
7%
10 Hide and Seek Extreme (Cache-cache extrême)
4%
3 Build a Boat for Treasure (Construisez un bateau pour le trésor)
1%
11 All Star Tower Defense (Défense de tour All Star)
1%
13 Natural Disaster Survival (Survie aux catastrophes naturelles)
1%
14 Volleyball Legends (Légendes du volley-ball)
1%
7 Scuba Diving at Quill Lake (Plongée sous-marine au lac Quill)
1%
6 Theme Park Tycoon 2 (Parc à thème Tycoon 2)
1%
4 Dress to Impress (Habillez-vous pour impressionner)
0%
Aucun quiz correspondant
Distribution des résultats
% des personnes avec chaque résultat
Percentile par nombre de réponses
Votre historique - résultats
Vous n’avez pas pris ce quiz